Cd̤igo Procesal Penal para el estado de Oaxaca Edicin̤ especial para estudiantes

Bibliographic Details
Format: eBook
Language:Spanish
Published: Mx̌ico D.F: Jurd̕ica de las Americas, 2013
Subjects:
Online Access:Acceso restringido

MARC

LEADER 00000nam a22000007a 4500
005 20130710134752.0
007 cr|||| ||||
008 130710s2013 mx |||||s|||| 00||0 spa d
020 |a 978-968-9368-95-3 
035 |a 11351 
040 |a vLex 
090 |c 4407  |d 4407 
245 0 0 |a Cd̤igo Procesal Penal para el estado de Oaxaca  |h [Recurso electrn̤ico] :  |b Edicin̤ especial para estudiantes 
256 |a Servicio en ln̕ea 
260 |a Mx̌ico D.F:  |b Jurd̕ica de las Americas,  |c 2013 
300 |a 1 recurso electrn̤ico 
506 1 |a Contenido solo disponible en los productos indicados  |d vLex Global  |d vLex Global (Academic Edition, excluding Law Schools)  |d vLex Global (U.S. Academic Edition, Law Schools)  |d vLex Global (U.S. Academic Edition, excluding Law Schools)  |d vLex Global (Academic Edition, Law Schools) 
650 0 4 |a Derecho penal  |x Legislacin̤  |z Mx̌ico 
740 0 |a vLex Libros (Servicio en ln̕ea) 
856 4 0 |u http://vlex.com/source/codigo-procesal-penal-estado-oaxaca-edicion-especial-estudiantes-11351  |z Acceso restringido 
942 |c BOOK 
999 0 |a Criminal Law